00714cam a2200205 4500008004100000020001500041035001300056100003300069245010700102250001100209260003200220300002800252440007000280504003900350650001400389650003400403700004000437942001200477999001900489070605n20032003sp a 000 0 spa u a849772156x a a4611191 aChico de la Cámara, Pablo.10aImpuesto sobre sociedades /cPablo Chico de la Cámara ;prólogo Dr. D. Luis María Cazorla Prieto. a1a ed. aMadrid :bDykinson,c c2003 a160 p. :bil. ;c24 cm. 0aCiencias jurídicas y sociales ;v4.pImpuesto sobre sociedades. aIncluye bibliografías e índice 4aImpuestos aderecho finanacierozEspaña1 aCazorla Prieto, Luis María, prol. 2lccLIB c112845d112845